Strategies for structural adjustment : the experience of Southeast Asia (Record no. 76870)

MARC details
000 -LEADER
fixed length control field 00757nam a2200169 a 4500
008 - FIXED-LENGTH DATA ELEMENTS--GENERAL INFORMATION
fixed length control field 120416s1990 ||||||||||||||||| || u
020 ## - INTERNATIONAL STANDARD BOOK NUMBER
International Standard Book Number 1557751471
050 ## - LIBRARY OF CONGRESS CALL NUMBER
Classification number HC 441 Str
245 00 - TITLE STATEMENT
Title Strategies for structural adjustment : the experience of Southeast Asia
260 ## - PUBLICATION, DISTRIBUTION, ETC.
Place of publication, distribution, etc. Washington:
Name of publisher, distributor, etc. IMF
Date of publication, distribution, etc. 1990
300 ## - PHYSICAL DESCRIPTION
Extent ix, 202p. : ill.
350 ## -
-- 0.00
650 #0 - SUBJECT ADDED ENTRY--TOPICAL TERM
Topical term or geographic name entry element ECONOMICS
650 ## - SUBJECT ADDED ENTRY--TOPICAL TERM
Topical term or geographic name entry element STRUCTURAL ADJUSTMENT PROGRAMME--SOUTHEAST ASIA
995 ## -
-- ANNEX COLLECTION (Main Library)
-- 0.00
-- 721319
-- CBU-MAIN LIBRARY (Kitwe)
-- 2
-- 16.50
-- HC 441 Str
-- 1
-- AVAILABLE
-- 002337
-- Annex Low-Usage Collection
995 ## -
-- MAIN LIBRARY OPEN ACCESS
-- 0.00
-- 721320
-- CBU-MAIN LIBRARY (Kitwe)
-- 1
-- 16.50
-- HC 441 Str
-- 2
-- AVAILABLE
-- 002336
-- Main Library Open Access Collection
999 ## -
-- 76870
-- 76870
Holdings
Withdrawn status Lost status Source of classification or shelving scheme Damaged status Not for loan Permanent Location Current Location Shelving location Date acquired Total Checkouts Full call number Barcode Date last seen Copy number Price effective from Koha item type
          CBU-MAIN LIBRARY, KITWE. CBU-MAIN LIBRARY, KITWE.   04/25/2023   HC 441 Str 002337 04/25/2023 1 04/25/2023 MONOGRAPH
          CBU-MAIN LIBRARY, KITWE. CBU-MAIN LIBRARY, KITWE.   04/25/2023   HC 441 Str 002336 04/25/2023 2 04/25/2023 MONOGRAPH